000 00291nam a2200121Ia 4500
008 100122s9999 xx 000 0 und d
082 _b13918
_a823.08
245 _a"BIRBAL, THE WISE 1"
300 _a31
630 _a"BIRBAL, THE WISE 1"
730 _a"BIRBAL, THE WISE 1"
942 _cBOOK
999 _c387437
_d387434